00727nam a22001937a 4500003000900000008004100009040007100050082002400121100002300145245002600168260005800194300002800252440004900280505012300329650002000452650001400472650001900486700002800505AR-CdUCM190329b ||||| |||| 00| 0 spa d aMUNICIPALIDAD PROVINCIAL DEL CUSCOcBIBLIOTECA MUNICIPAL DEL CUSCO a323.3 /bH17 / 1950 aHalbwachs, Maurice aLas clases sociales / aMéxico, D.F :bFondo de Cultura Económica,c1950. a181 páginas ;c17 cm. aBreviarios Fondo de Cultura Económica.n32 aContenido: La civilización tradicional y las clases campesinas -- Los medios urbanos y la civilización industrial. aClases sociales aIndustria aCivilización aAub, Max (traducción)